Administración y estrategia /
Guardado en:
| Autor Principal: | |
|---|---|
| Otros Autores: | , |
| Formato: | Libro |
| Publicado: |
Buenos Aires :
Norma,
2004
|
| Series: | Gerencia
|
| Materias: | |
| Etiquetas: |
Agregar Etiqueta
Sin Etiquetas, Sea el primero en etiquetar este registro!
|
| LEADER | 01716nam a22002535a 4500 | ||
|---|---|---|---|
| 001 | CEM.cems014027 | ||
| 005 | 20131004154208.0 | ||
| 008 | 130507s2004##################000#0#####d | ||
| 003 | CEMS | ||
| 020 | |a 9875451568 | ||
| 082 | 0 | 4 | |a 658.01 |
| 100 | 1 | |a Serra, Roberto | |
| 245 | 1 | 0 | |a Administración y estrategia / |c Roberto Serra, Eduardo Kastika y Jorge Hermida |
| 260 | |a Buenos Aires : |b Norma, |c 2004 | ||
| 300 | |a 544 p. | ||
| 490 | 0 | |a Gerencia | |
| 505 | 0 | |a ¿Dónde ubicamos a la administración? -- ¿Qué es la administración? -- ¿Cuáles son las características de las empresas? -- La administración tradicional (1900-1980) -- Las escuelas clásicas (1900-1925) -- La escuela de relaciones humanas (1925-1935) -- La escuela neoclásica (1925-1945) -- Las escuelas de sociología y de psicología (1935-1945) -- El modelo burocrático (1945-1950) -- La escuela de la teoría de la organización (1950-1960) --La teoría d los sistemas (1960-1970) -- El planeamiento estatégico y el management japonés (1975-1980) -- De la administración tradicional al management en el Siglo XXI -- Los impactos que provocaron la fractura de la continuidad en las ideas tradicionales de la administración -- Prospectiva, creatividad y dinámica de sistemas -- Modelos de análisis de negocios -- Estrategia y estrategia competitiva -- Cultura compartida, excelencia, entrepreneurship e intrapreneurship -- La integración estrategia, estructura, cultura -- Modas en management | |
| 653 | |a Administración | ||
| 653 | |a Economía | ||
| 653 | |a Administración de empresas | ||
| 653 | |a Modelos | ||
| 700 | 1 | |a Kastika, Eduardo | |
| 700 | 1 | |a Hermida, Jorge | |
| 859 | |a CEMS |b BIB. CEMS - 11 de abril |h 658.01 |i Se68 |p 26688.13 |t Ej.1 | ||
